| 000 | 03130nam a2200409 i 4500 | ||
|---|---|---|---|
| 001 | 196208 | ||
| 003 | ES-MaACL | ||
| 005 | 20260216183928.0 | ||
| 008 | 240818s2020 sp a | |||| 000 0 spa | ||
| 015 | _aMON20 | ||
| 017 |
_aCC 325-2020 _bOficina Depósito Legal Cáceres |
||
| 020 | _a9788417132965 | ||
| 035 | _a(SpMaBN)a6802730 | ||
| 035 | _a991031848649708606 | ||
| 040 |
_aSpMaBN _bspa _cSpMaBN _erda |
||
| 080 | _a728.81(460.251 Trujillo)(091) | ||
| 100 | 1 |
_aRamos Rubio, José Antonio, _d1963- _eaut _9174430 |
|
| 245 | 1 | 3 |
_aEl Palacio de Luis de Chaves de Trujillo : _bsímbolo de la unidad nacional / _cJosé Antonio Ramos Rubio, cronista oficial de Trujillo ; incluye la leyenda El medallón de los Deseos por Florentino Escribano Ruiz. |
| 250 | _aPrimera edición: 2020 | ||
| 264 | 1 |
_aCáceres : _bTau Editores, _c[2020]. |
|
| 300 |
_a193 páginas _bilustraciones (blanco y negro y color), planos (blanco y negro) _c21 cm |
||
| 336 |
_aTexto _2rdacontent |
||
| 337 |
_asin mediación _2rdamedia |
||
| 338 |
_avolumen _2rdacarrier |
||
| 500 | _aIncluye (páginas 151-192): El medallón de los deseos / por Florentino Escribano Ruiz | ||
| 504 | _aBibliografía: páginas 119-124 | ||
| 520 | _aEste edificio trujillano, que marca la antesala de la Villa, es uno de los mejores ejemplos de la arquitectura civil castellana de la Baja Edad Media. Aquí estuvieron alojados los Reyes Católicos en todas las ocasiones en las que visitaron y residieron largas temporadas en Trujillo. Luis de Chaves mantenía una larga relación de amistad con Isabel la Católica, y se posicionó sin dudarlo a su favor en la guerra sucesoria contra Juana "la Beltraneja". En estas luchas, Luis de Chaves perdió a dos hijos. Su lealtad fue largamente recompensada. Además, en este palacio Isabel la Católica firmó el Tratado de Alcaçobas, que ponía fin a la guerra sucesoria y, por ende, a la guerra con Portugal. Fueron muchas las honrosas distinciones otorgadas a Trujillo, Capital de Extremadura en aquel entonces, recogidas en los documentos que atesoran el rico Archivo Municipal trujillano y el Histórico Nacional de Madrid. En el año 1479, la Reina Isabel fundó en Trujillo la Santa Hermandad, para combatir el pillaje y el latrocinio, muy extendido en aquellos tiempos. Durante el reinado de los Reyes Católicos, la ciudad alcanzó su mayor esplendor, grandeza y universalidad, en una época en la que la ciudad era la capital de la provincia de Extremadura. | ||
| 610 | 0 |
_aPalacio de Luis de Chaves (Trujillo)- _vHistoria _9238506 |
|
| 651 | 0 |
_aTrujillo (Cáceres)- _xEdificios, estructuras, etc.- _xRestauración _9236454 |
|
| 700 |
_aEscribano Ruiz, Florentino _eaut _9240286 |
||
| 852 |
_aES-MaACL _bR.152992 _cDEPOJ _jN-9283 _hDonación: José Antonio Ramos Rubio _xEncuadernación rústica con solapas _9205324 |
||
| 903 |
_aRamos Rubio, José Antonio, _d1963- _ednr _9174430 |
||
| 942 |
_cMONOGRAFIA _n0 |
||
| 999 |
_c196208 _d196208 |
||